Jornadas sobre diabetología (Record no. 197229)
[ view plain ]
| 000 -LEADER | |
|---|---|
| campo de control de longitud fija | 04312nim a2200565 i 4500 |
| 001 - NÚMERO DE CONTROL | |
| campo de control | 197229 |
| 003 - IDENTIFICADOR DE NÚMERO DE CONTROL | |
| campo de control | ES-MaACL |
| 005 - FECHA Y HORA DE LA ÚLTIMA TRANSACCIÓN | |
| campo de control | 20250828062603.0 |
| 007 - CAMPO FIJO DE DESCRIPCIÓN FÍSICA--INFORMACIÓN GENERAL | |
| campo de control de longitud fija | ss lsnjlcipnne |
| 008 - DATOS DE LONGITUD FIJA--INFORMACIÓN GENERAL | |
| campo de control de longitud fija | 250424s1990 sp nnnn |||| 00| spa d |
| 040 ## - FUENTE DE CATALOGACIÓN | |
| Lengua de catalogación | spa |
| Centro/agencia transcriptor | ES-MaACL |
| 245 00 - MENCIÓN DEL TÍTULO | |
| Título | Jornadas sobre diabetología |
| Medio | [Grabación sonora] : |
| Resto del título | días 16 y 17 de noviembre de 1990 |
| 260 ## - PUBLICACIÓN, DISTRIBUCIÓN, ETC. | |
| Lugar de publicación, distribución, etc. | Madrid : |
| Nombre del editor, distribuidor, etc. | Ateneo de Madrid, |
| Fecha de publicación, distribución, etc. | 1990. |
| 300 ## - DESCRIPCIÓN FÍSICA | |
| Extensión | 4 casetes (ca. 360 min) : |
| Otras características físicas | son. ; |
| Dimensiones | 11 cm. |
| 490 1# - MENCIÓN DE SERIE | |
| Materiales especificados | Actos culturales en el Ateneo de Madrid |
| 505 ## - NOTA DE CONTENIDO CON FORMATO | |
| Nota de contenido con formato | Cinta 1 y 2 contienen las conferencias del día 16 de noviembre de 1990. La primera conferencia “La diabetes como problema social” moderada por Ignacio Fernández Bayo, periodista científico del Diario 16. Intervienen; Jaime Antona Casado, jefe de sección del Instituto Diabetológico de Cruz Roja Española, Alberto de Leiva Hidalgo, presidente de la Sociedad Española de Diabetes, y Francisco Diaz Cadorniga, jefe del servicio de Endocrinología y Nutrición del Hospital Covadonga de Oviedo. La segunda conferencia “Causas, diagnóstico y tratamiento de la diabetes” moderada por Francisco Arrieta Cabrero, del departamento de Endocrinología de la Fundación Jiménez Diaz. Intervienen; José Luis Herrera Pombo, jefe de servicio de Endocrinología de la Fundación Jiménez Diaz, Alfonso Luis Calle Pascual del servicio de Endocrinología del Hospital Clínico de San Carlos y Carlos Ferre Cabrero, director nacional del Programa Diabético de Cruz Roja Española. <br/>Las cintas 3 y 4 contienen las conferencias del día 17 de noviembre de 1990. La primera conferencia “Tratamiento dietético y físico de la diabetes” moderada por Charo Pascual Campos, periodista científica de Antena 3. Intervienen; Juan Miguel Ponz Marín, experto en higiene de los alimentos de la OMS, Pilar Manzano Arroyo, jefa de sección de nutrición de la Clínica Puerta de Hierro y Carmen Gómez Candela del servicio de nutrición clínica y dietética de la Ciudad Sanitaria de la Paz. La segunda conferencia “Perspectivas actuales y futuras del tratamiento de la diabetes” moderada por José María Fernández Rúa, periodista científico del Diario ABC. Intervienen; José Luis Rodríguez Miñon, presidente de honor de la Sociedad Española de la Diabetes, Antonio Jara Albarrán, presidente de la Asociación de Endocrinología y Diabetes de la Comunidad de Madrid y Federico Hawkins Carranza, jefe de servicio de endocrinología del Hospital 12 de Octubre. <br/> |
| 518 ## - NOTA DE FECHA/HORA Y LUGAR DE UN ACONTECIMIENTO | |
| Nota de fecha/hora y lugar de un acontecimiento | Grabado el 16 y 17 de noviembre de 1990 en el Salón de Actos del Ateneo de Madrid. |
| 520 ## - RESUMEN, ETC. | |
| Sumario, etc. | Jornadas sobre la diabetes tratada desde una perspectiva social pasando por las causas y finalizando con el tratamiento. |
| 540 ## - NOTA DE CONDICIONES DE USO Y REPRODUCCIÓN | |
| Condiciones de uso y reproducción | Documento inédito |
| 594 ## - Nota al título y mención de responsabilidad | |
| a | Datos basados en la invitación. |
| 610 20 - PUNTO DE ACCESO ADICIONAL DE MATERIA--NOMBRE DE ENTIDAD CORPORATIVA | |
| Nombre de entidad corporativa o nombre de jurisdicción como elemento de entrada | Ateneo de Madrid- |
| Subdivisión general | Actos culturales- |
| Subdivisión cronológica | 1990- |
| Subdivisión de forma | Grabaciones sonoras |
| 9 (RLIN) | 240083 |
| 650 #4 - PUNTO DE ACCESO ADICIONAL DE MATERIA--TÉRMINO DE MATERIA | |
| 9 (RLIN) | 11848 |
| Término de materia o nombre geográfico como elemento de entrada | Diabetes- |
| Subdivisión general | Congresos y asambleas |
| 653 ## - TÉRMINO DE INDIZACIÓN--NO CONTROLADO | |
| Término no controlado | Archivo de la palabra |
| 655 #0 - TERMINO DE INDIZACIÓN--GENERO/FORMA | |
| Datos o término principal de género/forma | Conferencias |
| 9 (RLIN) | 234444 |
| 700 1# - ENTRADA AGREGADA--NOMBRE PERSONAL | |
| 9 (RLIN) | 240320 |
| Nombre de persona | Fernández Bayo, Ignacio |
| Término indicativo de función/relación | Moderador |
| Fechas asociadas al nombre | 1953- |
| 700 1# - ENTRADA AGREGADA--NOMBRE PERSONAL | |
| 9 (RLIN) | 240321 |
| Nombre de persona | Antona Casado, Jaime |
| Término indicativo de función/relación | Orador |
| 700 1# - ENTRADA AGREGADA--NOMBRE PERSONAL | |
| 9 (RLIN) | 240322 |
| Nombre de persona | Leiva, Alberto de |
| Término indicativo de función/relación | Orador |
| 700 ## - ENTRADA AGREGADA--NOMBRE PERSONAL | |
| 9 (RLIN) | 240324 |
| Nombre de persona | Díaz Cadorniga, Francisco |
| Término indicativo de función/relación | Orador |
| 700 ## - ENTRADA AGREGADA--NOMBRE PERSONAL | |
| 9 (RLIN) | 240326 |
| Nombre de persona | Arrieta Cabrero, Francisco |
| Término indicativo de función/relación | Moderador |
| 700 1# - ENTRADA AGREGADA--NOMBRE PERSONAL | |
| 9 (RLIN) | 240327 |
| Nombre de persona | Herrera Pombo, José Luis |
| Término indicativo de función/relación | Orador |
| 700 ## - ENTRADA AGREGADA--NOMBRE PERSONAL | |
| 9 (RLIN) | 240328 |
| Nombre de persona | Calle Pascual, Alfonso Luis |
| Término indicativo de función/relación | Orador |
| 700 ## - ENTRADA AGREGADA--NOMBRE PERSONAL | |
| 9 (RLIN) | 240329 |
| Nombre de persona | Ferre Cabrero, Carlos |
| Término indicativo de función/relación | Orador |
| 700 ## - ENTRADA AGREGADA--NOMBRE PERSONAL | |
| 9 (RLIN) | 240330 |
| Nombre de persona | Pascual Campos, Charo |
| Término indicativo de función/relación | Moderador |
| 700 ## - ENTRADA AGREGADA--NOMBRE PERSONAL | |
| 9 (RLIN) | 240129 |
| Nombre de persona | Ponz Marín, Juan Miguel |
| Término indicativo de función/relación | Orador |
| 700 ## - ENTRADA AGREGADA--NOMBRE PERSONAL | |
| 9 (RLIN) | 240331 |
| Nombre de persona | Manzano Arroyo, Pilar |
| Término indicativo de función/relación | Orador |
| 700 1# - ENTRADA AGREGADA--NOMBRE PERSONAL | |
| 9 (RLIN) | 240332 |
| Nombre de persona | Gómez Candela, Carmen |
| Término indicativo de función/relación | Orador |
| 700 1# - ENTRADA AGREGADA--NOMBRE PERSONAL | |
| 9 (RLIN) | 159389 |
| Nombre de persona | Fernández-Rúa, José María |
| Término indicativo de función/relación | Moderador |
| 700 0# - ENTRADA AGREGADA--NOMBRE PERSONAL | |
| 9 (RLIN) | 98665 |
| Nombre de persona | Rodríguez Miñón, José Luis |
| Término indicativo de función/relación | Orador |
| 700 0# - ENTRADA AGREGADA--NOMBRE PERSONAL | |
| 9 (RLIN) | 66090 |
| Nombre de persona | Jara Albarrán, Antonio |
| Término indicativo de función/relación | Orador |
| 700 1# - ENTRADA AGREGADA--NOMBRE PERSONAL | |
| 9 (RLIN) | 240333 |
| Nombre de persona | Hawkins Carranza, F. G. |
| Término indicativo de función/relación | Orador |
| 710 2# - ENTRADA AGREGADA--NOMBRE DE ENTIDAD CORPORATIVA | |
| Nombre de entidad corporativa o nombre de jurisdicción como elemento de entrada | Ateneo de Madrid |
| Término indicativo de función/relación | Sede |
| 9 (RLIN) | 1875 |
| 830 #0 - PUNTO DE ACCESO ADICIONAL DE SERIE-TÍTULO UNIFORME | |
| Título uniforme | Actos culturales en el Ateneo de Madrid |
| 9 (RLIN) | 240237 |
| 852 ## - LOCALIZACIÓN | |
| Ubicación | ES-MaACL |
| Ubicación en estantería | Depósito Z |
| Designación de la unidad física | Cinta 1 |
| itemnumber | 205363 |
| 852 ## - LOCALIZACIÓN | |
| Ubicación | ES-MaACL |
| Ubicación en estantería | Depósito Z |
| Designación de la unidad física | Cinta 2 |
| itemnumber | 205364 |
| 852 ## - LOCALIZACIÓN | |
| Ubicación | ES-MaACL |
| Ubicación en estantería | Depósito Z |
| Designación de la unidad física | Cinta 3 |
| itemnumber | 205365 |
| 852 ## - LOCALIZACIÓN | |
| Ubicación | ES-MaACL |
| Ubicación en estantería | Depósito Z |
| Designación de la unidad física | Cinta 4 |
| itemnumber | 205366 |
| 942 ## - ELEMENTOS DE ENTRADA SECUNDARIOS (KOHA) | |
| Fuente del sistema de clasificación o colocación | Clasificación decimal universal |
| Suprimir en OPAC | No |
| Tipo de ítem Koha | Casete |
| Estatus retirado | Estado de pérdida | Fuente del sistema de clasificación o colocación | Especificación de materiales (volumen encuadernado u otra parte) | Estado de daño | No para préstamo | Colección | Biblioteca de origen | Biblioteca actual | Ubicación en estantería | Fecha de adquisición | Total de préstamos | Signatura topográfica completa | Código de barras | Visto por última vez | Precio de reemplazo | Tipo de ítem Koha |
|---|---|---|---|---|---|---|---|---|---|---|---|---|---|---|---|---|
| Clasificación decimal universal | Cinta 1 | Archivo de la palabra | Biblioteca del Ateneo de Madrid | Biblioteca del Ateneo de Madrid | Depósito Z | 09/05/2025 | AP/1213 | 2025-0192 | 09/05/2025 | 09/05/2025 | Casete | |||||
| Clasificación decimal universal | Cinta 2 | Archivo de la palabra | Biblioteca del Ateneo de Madrid | Biblioteca del Ateneo de Madrid | Depósito Z | 09/05/2025 | AP/1243 | 2025-0193 | 09/05/2025 | 09/05/2025 | Casete | |||||
| Clasificación decimal universal | Cinta 3 | Archivo de la palabra | Biblioteca del Ateneo de Madrid | Biblioteca del Ateneo de Madrid | Depósito Z | 09/05/2025 | AP/1244 | 2025-0194 | 09/05/2025 | 09/05/2025 | Casete | |||||
| Clasificación decimal universal | Cinta 4 | Archivo de la palabra | Biblioteca del Ateneo de Madrid | Biblioteca del Ateneo de Madrid | Depósito Z | 09/05/2025 | AP/1245 | 2025-0195 | 09/05/2025 | 09/05/2025 | Casete |
